000 00559cam a22001815a 4500
001 L155478
008 120326s1806 xxk f 000 0 eng d
035 _a(Sirsi) u155478
041 0 _aeng
100 1 _aCrocker, Abraham
245 0 4 _aThe elements of land surveying, designed principally for the use of schools & students
260 _aLondon
_bRichard Phillips
_c1806
300 _axii, 279 p.
_bplates
_c12o
583 _aCondition reviewed
_c20120620
_lcondition level 2
651 4 _aGreat Britain
_y1707-
690 _aMeasurement
_96256
942 _n0
999 _c113591
_d113591